Etude electrochimique d'une nouvelle classe de verres a base de fluorure de zirconium /

Guardado en:
Otros Autores: Leroy, Dominique. (Disertante)
Formato: Manuscrito
Idioma:French
Publicado: 1979.
Materias:
Etiquetas: Agregar Etiqueta
Sin Etiquetas, Sea el primero en etiquetar este registro!
LEADER 00960ntm a22002535a 4500
001 EIQ.libpla002695
008 070723s1979####fr#a#####bm###000#0#fre#d
005 20070726142759.0
245 1 0 |a Etude electrochimique d'une nouvelle classe de verres a base de fluorure de zirconium /  |c par Dominique Leroy. 
260 |c 1979. 
300 |a 97 p. :  |b il. ;  |c 30 cm. 
502 |a Tesis (doctorado)--Université Scientifique et Médicale de Grenoble, 1979. 
500 |a Director de tesis: C. Deportes. 
504 |a Incluye referencias bibliográficas. 
100 1 |a Leroy, Dominique.  |4 dis 
710 2 |a Université Scientifique et Médicale de Grenoble  |4 dgg 
650 4 |a Catálisis  |x Tesis. 
650 4 |a Catálisis  |x Vidrios. 
650 4 |a Catálisis  |x Electroquímica. 
650 4 |a Catalysis  |x Thesis. 
650 4 |a Catalysis  |x Glasses. 
650 4 |a Catalysis  |x Electrochemical. 
040 |a AR-BbSID  |b spa  |c AR-BbSID 
859 |a AR-BbSID  |b BIB. PLAPIQUI  |h 541.372  |i L 56  |p 1780